Biblioteca

Bible study : (Registro nro. 55393)

Detalles MARC
000 -LÍDER
Campo fijo de descripción fija 01538aab a2200241 i 4500
001 - NÚMERO DE CONTROL
Campo de control 768714001
003 - IDENTIFICADOR DEL NÚMERO DE CONTROL
Campo de control CO-MdFUSB
005 - FECHA Y HORA DE LA ULTIMA TRANSACCIÓN
control field 20240704143750.0
008 - ELEMENTOS DE LONGITUD FIJA -- INFORMACIÓN GENERAL
Campo fijo de descripción fija -- Información general 240704t1995 sz ||||| |||| 00| 0 eng d
040 ## - FUENTE DE CATALOGACIÓN
Idioma de catalogación spa
Agencia que realiza la transcripción CO-MdFUSB
041 ## - CÓDIGO DE IDIOMA
Código de idioma para texto/pista de sonido o título separado eng
100 1# - ASIENTO PRINCIPAL--NOMBRE PERSONAL
Nombre personal Chang, Sang (1939- )
Término relacionador autor
245 10 - TÍTULO
Título Bible study :
Subtitulo justice of jubilee in Luke
Mención de responsabilidad / Sang Chang
520 ## - NOTA DE RESUMEN, ETC.
Nota de sumario, etc. Este artículo es una reflexión sobre los fenómenos teológicos, como la teología de la liberación o el surgimiento de la teología Minjung, son una reacción y consecuencias adicionales del descuido de la iglesia por las cuestiones económicas generales. <br/>Por otra parte, señala que el mundo está viviendo una etapa llamada econocentrismo, que inició con la industrialización.<br/>Sin embargo, Lucas entendió que el evangelio estaba "ensalzando felizmente" la gozosa ocasión del año jubilar, como ministerio misionero de Jesús.<br/>Todos los que siguen a Jesús deben compartir este regocijo. La fiesta anuncia consuelo y salvación a los pobres, y el mensaje permite un nuevo comienzo. Para los ricos, se trata tanto de una crítica como de una advertencia escatológica.<br/><br/>
546 ## - NOTA DE IDIOMA
Nota de idioma Texto en inglés.
650 #7 - ASIENTO SECUNDARIO DE MATERIA - TERMINO TEMÁTICO
Término temático o nombre geográfico como elemento de entrada Escatología
9 (RLIN) 213
650 #0 - ASIENTO SECUNDARIO DE MATERIA - TERMINO TEMÁTICO
Término temático o nombre geográfico como elemento de entrada Iglesia y problemas mundiales
9 (RLIN) 912
650 #7 - ASIENTO SECUNDARIO DE MATERIA - TERMINO TEMÁTICO
Término temático o nombre geográfico como elemento de entrada Hermenéutica bíblica
9 (RLIN) 7333
650 #7 - ASIENTO SECUNDARIO DE MATERIA - TERMINO TEMÁTICO
Término temático o nombre geográfico como elemento de entrada Cristología
9 (RLIN) 239
773 0# - ASIENTO DE ITEM FUENTE
Título Reformed World
Biblionumber 49396
Itemnumber 59539
Parte(s) relacionada(s) / Volumen., número. (mes año), páginas Volumen 45, (número 2, 1995) páginas: 87 - 96
Enumeración y primera página página: 87
942 ## - TIPO DE MATERIAL (KOHA)
Tipo de Item KOHA Artículos de Revista
945 ## - INFORMACIÓN LOCAL DEL REGISTRO
Catalogador Catherine Arias Álvarez - Practicante SENA

No hay ítems disponibles.

Biblioteca FUSBC | Teléfono: (57+4) 349 88 10 Ext. 141| WhatsApp (+57) 3005338115 
E-mail: biblioteca@unisbc.edu.co | Calle 76 87-14 Robledo Palenque, Medellín, Colombia

Con tecnología Koha